000 00444pab a2200181 454500
008 180718b2001 xxu||||| |||| 00| 0 eng d
100 _aMizra, Zafar
245 _aGlobalization, health and poverty: the role of civil society
260 _c2001
300 _ap.91-92
362 _aMar
650 _aPoverty
650 _aCivil society
650 _aHealth services
650 _aGlobalization
773 _aDevelopment
909 _a48469
999 _c48469
_d48469